Report 1944 (Record no. 1436547)

MARC details
000 -LEADER
fixed length control field 00468nam a2200181Ia 4500
005 - DATE AND TIME OF LATEST TRANSACTION
control field 20250923144238.0
008 - FIXED-LENGTH DATA ELEMENTS--GENERAL INFORMATION
fixed length control field 008 250917s9999 xx 000 0 eng d
037 ## - SOURCE OF ACQUISITION
Stock number Reports
040 ## - CATALOGING SOURCE
Original cataloging agency DSWL
Language of cataloging eng
Transcribing agency DSWL
041 ## - LANGUAGE CODE
Language code of text/sound track or separate title eng
Source of code eng
084 ## - COLON CLASSIFICATION NUMBER
Classification number Tl73:N34, H4
Assigning agency DSWL
100 ## - MAIN ENTRY--PERSONAL NAME
Personal name Alfred, P
9 (RLIN) 822800
245 #0 - TITLE STATEMENT
Title Report 1944
Statement of responsibility, etc. by P. Alfred
260 ## - PUBLICATION, DISTRIBUTION, ETC.
Place of publication, distribution, etc. New York
Date of publication, distribution, etc. 1945
300 ## - PHYSICAL DESCRIPTION
Extent 44p.
942 ## - ADDED ENTRY ELEMENTS (KOHA)
Koha item type Reports
Classification part Tl73:N34, H4
Holdings
Withdrawn status Lost status Damaged status Not for loan Home library Current library Date acquired Total Checkouts Full call number Barcode Date last seen Price effective from Koha item type
        Department of Social Work Library Department of Social Work Library 2025-09-23   Tl73:N34, H4 SW0000390 2025-09-23 2025-09-23 Reports
Copyright @ Delhi University Library System